Statistics for Europa League/UEFA Cup Winners

Click here to take the quiz!

General Stats

  • This quiz has been taken 1,729 times
    (1,371 since last reset)
  • The average score is 31 of 51

Answer Stats

YearAnswer% Correct
2020Sevilla
93%
2017Manchester United
92%
2006Sevilla
92%
2007Sevilla
92%
2016Sevilla
92%
2015Sevilla
92%
2014Sevilla
92%
2019Chelsea
89%
2013Chelsea
89%
2022Eintracht Frankfurt
83%
2012Atlético Madrid
81%
2010Atlético Madrid
81%
2018Atlético Madrid
81%
1973Liverpool
79%
2001Liverpool
79%
1976Liverpool
79%
1986Real Madrid
79%
1985Real Madrid
79%
1977Juventus
76%
1990Juventus
76%
1993Juventus
76%
2021Villarreal
75%
1992Ajax
72%
1996Bayern Munich
72%
2011Porto
72%
2003Porto
72%
1972Tottenham Hotspur
66%
1984Tottenham Hotspur
66%
1978PSV Eindhoven
64%
2004Valencia
59%
1980Eintracht Frankfurt
58%
2002Feyenoord
56%
1974Feyenoord
56%
1989Napoli
54%
2000Galatasaray
38%
1998Internazionale
38%
1994Internazionale
38%
1991Internazionale
38%
1975Borussia Mönchengladbach
36%
1997Schalke 04
35%
2008Zenit Saint Petersburg
35%
1979Borussia Mönchengladbach
34%
1988Bayer Leverkusen
33%
1995Parma
33%
1999Parma
33%
2005CSKA Moscow
31%
1983Anderlecht
28%
2009Shakhtar Donetsk
26%
1981Ipswich Town
21%
1982IFK Göteborg
17%
1987IFK Göteborg
17%

Score Distribution

Percentile by Number Answered

Percent of People with Each Score

Your Score History

You have not taken this quiz since the last reset